| 000 | 00597 a2200169 4500 | ||
|---|---|---|---|
| 999 |
_c9426 _d9426 |
||
| 020 | _a9780702111624 | ||
| 050 | _aKTL1942 MAR 1958 | ||
| 100 |
_a Mars, Walter Herbert _eauthor |
||
| 245 |
_aMars' The law of insolvency in South Africa / _cWalter Herbert Mars; Harold Edward Hockly |
||
| 264 |
_aCape Town : _bJuta, _c1980. |
||
| 300 | _alviii, 697 pages ; 26 cm | ||
| 500 | _aIncludes Insolvency act 24 of 1936 (as ammended): p. 526-589. Includes index. | ||
| 650 | _aBankruptcy -- South Africa | ||
| 650 | _a Bankruptcy. | ||
| 700 | _aHockly Harold Edward | ||
| 942 |
_2lcc _cBK _h1942 _iMAR _kKTL |
||